000 00370nam a22001337a 4500
082 _a297.63
_bSEE
_cL-31 - II, P-29
100 _aSyed Suleman Nadvi
_910210
245 _aسیرۃ النبی
_cNadvi Syed Sulema
260 _aIslamabad
_bNational Book Foundation
300 _a868
526 _a0
_b0
_c0
_d297_630000000000000_SEE
650 _aMCE
_9379
942 _2ddc
_cBK
999 _c550520
_d550520